000 02191cam a22004934i 4500
003 PE-LiUPU
005 20250731184548.0
008 150616s r 000 0 d
035 _a(Sirsi) a3237
040 _aPE-LiUPU
_bspa
_cPE-LiUPU
_erda
049 _aPRUA
082 0 4 _b
_221
100 1 _aChateaubriand, F. R. de,
_eautor.
245 1 4 _aLos mártires o el triunfo de la religión cristiana /
_cF. R. de Chateubriand.
264 1 _aMadrid :
_b"Saturnino Calleja",
_c1921.
300 _a342 páginas :
_bilustraciones ;
_c21 cm.
336 _atext
_2rdacontent
337 _aunmediated
_2rdamedia
338 _avolume
_2rdacarrier
505 0 _aInvocación -- Llegada de Demodoco y Cimodocea a Arcadia -- La oración de Cirilo sube al trono del todo poderoso -- La familia cristiana -- Prosigue la narración -- Interrupción de la historia -- Continúa la narración de Eudoro -- Descripción de Laconia -- Atenas -- Navegación de Cimodocea -- Júbilo del infierno -- Demodoco vuelve al templo de Homero -- Eudoro es absuelto de su penitencia -- Despedida de la Musa.
526 _aP136
526 _aP135
526 _aP134
526 _aP133
526 _aP144
526 _aP143
526 _aP87
526 _aP35
526 _aP20
526 _aP14
526 _aP10
526 _aP06
650 0 4 _aMARTIRES - RELATOS.
910 _ajck
_bjvq
_cjck
942 _2ddc
_cBOOK
949 _a922 Ch39
_wDEWEY
_c1
_i07811
_lCCODEBUL1
_mBUL
_p00.00
_r0
_sY
_tBOOK
_u2015-04-23
_xBIBLIOTECA
_zUNKNOWN
_0COMPRA
_o.STAFF. Colección General
949 _a922 Ch39
_wDEWEY
_c2
_i00732
_lCCODEBUL1
_mBUL
_p00.00
_r0
_sY
_tBOOK
_u2015-04-23
_xTEOLOGIA
_zUNKNOWN
_0COMPRA
_o.STAFF. Colección General
994 _aC0
_bPEPRU
596 _a1
999 _a922 CH39
_wDEWEY
_c40014
_i07811
_f2022-5-18
_g5
_lCCODEBUL1
_mBUL
_r1
_sY
_tBOOK
_u2015-4-23
_xUNKNOWN
_zUNKNOWN
_0COMPRA
_o.STAFF. Colección General
_d40014
999 _a922 CH39
_wDEWEY
_c2
_i00732
_f2019-12-10
_g4
_lDISCARD
_mBUL
_r0
_sY
_tBOOK
_u2015-4-23
_xTEOLOGIA
_zUNKNOWN
_0COMPRA
_o.STAFF. Colección General
980 _81
_gALBERTO SANCHEZ Responsable de Automatización